| 000 | 00897nam a22002415i 4500 | ||
|---|---|---|---|
| 001 | 176592 | ||
| 003 | ES-MaACL | ||
| 005 | 20230906220129.0 | ||
| 008 | 110125s1955 sp a |||| | spa d | ||
| 080 | _a821.134.2-21"19" | ||
| 100 | 1 |
_aSánchez Prieto, Julián. _9102861 |
|
| 245 | 1 | 1 |
_a¡Al escampio! _b: poema dramático en tres actos y un epílogo / _coriginal y en verso de Julián Sánchez Prieto (el pastor poeta). |
| 260 |
_aMadrid : _b[s. n., _c1955?] |
||
| 300 |
_a100 p. ; _c17 cm. |
||
| 490 | 1 |
_aBiblioteca teatral ; _v178 |
|
| 500 | _aAnteportada ilustrada. | ||
| 500 | _aEn port. : Estrenado en el Teatro Fuencarral, de Madrid, la noche del 10 de febrero de 1926. | ||
| 500 | _aEncuadernado con otros títulos. | ||
| 597 | _aEn el lomo: 174-182. | ||
| 830 | 0 |
_aBiblioteca teatral ; _v178 _9190120 |
|
| 852 |
_aES-MaACL _jE-14129 (178) _xOlim P-302 |
||
| 999 |
_c176592 _d176592 |
||